000 00730cam a2200277 4500
001 J4074
008 090401t1997 xxu||||| |||| 00| 0 eng d
035 _a(Sirsi) u58137
041 _aeng
050 _a347.4104
110 _aEngland and Wales
_bLands Tribunal
_91252
245 _aPractice notes 1997.
260 _aLondon
_bLands Tribunal
_c1997
300 _a20 leaves ; 30cm.
350 _a0
520 _aIncludes Practice Directions 1/1997 - 8/1997.
650 _aLANDS TRIBUNAL ACT 1949
650 _aLANDS TRIBUNAL RULES 1996
650 _aLANDS TRIBUNAL
650 _aPRACTICE DIRECTIONS
650 _aPRACTICE NOTES 1997
650 _aPROCEDURE
690 _aLAW
942 _n0
948 _c04/03/1997
999 _c94031
_d94031